[Event "XXXIII Festival A"]
[Site "Arco ITA"]
[Date "2011.10.23"]
[Round "2"]
[White "Kierzek, Matthias"]
[Black "Cottarelli, Franco"]
[Result "1-0"]
[WhiteElo "2152"]
[BlackElo "1842"]
[PlyCount "93"]
[EventDate "2011.10.22"]

1. d4 f5 2. Nf3 Nf6 3. g3 g6 4. Bg2 Bg7 5. O-O d6 6. b3 O-O 7. Bb2 a5 8. c4 Na6
9. Nc3 e6 10. Qc2 Nb4 11. Qb1 Qe8 12. a3 Na6 13. e4 f4 14. e5 Ng4 15. Ne4 fxg3
16. fxg3 Ne3 17. Rf2 d5 18. Ned2 Qf7 19. Bh3 Bh6 20. Qd3 c5 21. Re1 dxc4 22.
Nxc4 Nxc4 23. Qxc4 b5 24. Qe2 Bb7 25. Ref1 Nc7 26. dxc5 Rad8 27. Nd4 Qe7 28.
Rxf8+ Rxf8 29. Rxf8+ Bxf8 30. b4 axb4 31. axb4 Qe8 32. Bg2 Qa8 33. c6 Bc8 34.
Bc3 Qa3 35. Qd2 Bh6 36. Qe1 Qa7 37. h4 Na6 38. Kh2 Nc7 39. Nb3 Qa2 40. Nd2 Nd5
41. Bxd5 Qxd5 42. Qe4 Qa2 43. Qg2 Bf8 44. Ne4 Qc4 45. Bd2 Bxb4 46. Bxb4 Qxb4
47. Nd6 1-0

[Event "XXXIII Festival A"]
[Site "Arco ITA"]
[Date "2011.10.23"]
[Round "2"]
[White "La Manna, Andrea"]
[Black "Stolfa, Rodolfo"]
[Result "1-0"]
[WhiteElo "2189"]
[BlackElo "1812"]
[PlyCount "67"]
[EventDate "2011.10.22"]

1. d4 d5 2. c4 e6 3. Nc3 Nf6 4. cxd5 exd5 5. Bg5 Be7 6. e3 c6 7. Qc2 Be6 8. Bd3
Nbd7 9. Nge2 h6 10. Bh4 Rc8 11. Rd1 g5 12. Bg3 Nh5 13. O-O O-O 14. f3 f5 15.
Bf2 Bd6 16. Rde1 Qf6 17. e4 Bc7 18. exf5 Bxf5 19. Bxf5 Rcd8 20. Bd3 Qd6 21. Ng3
Nf4 22. Be3 h5 23. Rf2 Nxd3 24. Qxd3 h4 25. Nf1 Qf6 26. Qd2 Bf4 27. Rfe2 Qd6
28. Bxf4 gxf4 29. Re6 Qb8 30. Qd3 Rf7 31. Re7 Rxe7 32. Rxe7 Nf8 33. Qf5 Qd6 34.
Qf7+ 1-0

[Event "XXXIII Festival A"]
[Site "Arco ITA"]
[Date "2011.10.23"]
[Round "2"]
[White "Loi, Andrea"]
[Black "Webel, Jannik"]
[Result "1-0"]
[WhiteElo "1993"]
[BlackElo "1776"]
[PlyCount "81"]
[EventDate "2011.10.22"]

1. d4 d5 2. c4 c6 3. Nf3 e6 4. Nc3 dxc4 5. e3 b5 6. a4 Bb4 7. Bd2 Bxc3 8. Bxc3
Nf6 9. axb5 cxb5 10. b3 Nd5 11. Ba5 Qd6 12. bxc4 bxc4 13. Bxc4 O-O 14. Ne5 Nc6
15. Nxc6 Qxc6 16. Qa4 Bd7 17. Qxc6 Bxc6 18. O-O Rfb8 19. Rfb1 h5 20. e4 Rxb1+
21. Rxb1 Nb6 22. Bd3 Rd8 23. Rb4 Rc8 24. f3 Rd8 25. Kf2 Kf8 26. Ke3 Rb8 27. Kf4
Nd7 28. Rxb8+ Nxb8 29. Ke5 Ke7 30. Bb4+ Kd7 31. d5 f6+ 32. Kd4 e5+ 33. Kc5 Ba4
34. h4 g6 35. Ba3 Kc7 36. Kb4 Be8 37. Ka5 Kb7 38. Be7 Nd7 39. g4 Kc7 40. Ka6
Kb8 41. Bb5 1-0

[Event "XXXIII Festival A"]
[Site "Arco ITA"]
[Date "2011.10.23"]
[Round "2"]
[White "Londers, Jan"]
[Black "Anfuso, Luigi"]
[Result "1-0"]
[WhiteElo "1891"]
[BlackElo "1767"]
[PlyCount "57"]
[EventDate "2011.10.22"]

1. e4 c6 2. d4 d5 3. Nd2 dxe4 4. Nxe4 Nd7 5. Ng5 Ngf6 6. Bc4 e6 7. N1f3 Bd6 8.
Nxf7 Kxf7 9. Ng5+ Ke7 10. Qe2 Nf8 11. O-O h6 12. Nf3 Nd5 13. Ne5 Bd7 14. Bxd5
cxd5 15. Qh5 Bxe5 16. dxe5 Nh7 17. b3 Be8 18. Ba3+ Kd7 19. Qe2 Qb6 20. Qg4 g6
21. c4 Qa5 22. cxd5 Qxa3 23. Qxe6+ Kd8 24. d6 Bd7 25. Qe7+ Kc8 26. e6 Qa5 27.
Qxd7+ Kb8 28. Qg7 Qd8 29. e7 1-0

[Event "XXXIII Festival A"]
[Site "Arco ITA"]
[Date "2011.10.23"]
[Round "2"]
[White "Maddaloni, Giovanni"]
[Black "Borries, Barbara"]
[Result "1-0"]
[WhiteElo "1774"]
[BlackElo "1901"]
[PlyCount "128"]
[EventDate "2011.10.22"]

1. e4 e5 2. Nf3 Nc6 3. Bb5 a6 4. Ba4 Nf6 5. O-O b5 6. Bb3 Be7 7. d3 O-O 8. a3
d6 9. Nbd2 Na5 10. Ba2 c5 11. Re1 Nc6 12. h3 Bb7 13. Nf1 h6 14. Ne3 Re8 15. c3
Bf8 16. Nd5 Nxd5 17. Bxd5 Qd7 18. b4 Nd8 19. c4 cxb4 20. axb4 Rc8 21. Bd2 Bxd5
22. cxd5 Qb7 23. Qb3 f6 24. Ra5 Nf7 25. Rea1 Ra8 26. Qa3 f5 27. Rxa6 Rxa6 28.
Qxa6 Qxa6 29. Rxa6 fxe4 30. dxe4 Rc8 31. Rb6 Rc4 32. Rxb5 Rxe4 33. Rb8 Rc4 34.
Be3 g6 35. b5 Rb4 36. b6 Kg7 37. b7 Be7 38. Ba7 Kf6 39. Kf1 e4 40. Nd4 Ne5 41.
Nc6 Rb1+ 42. Ke2 Nd7 43. Re8 Rxb7 44. Rxe7 Rxa7 45. Rh7 Ra2+ 46. Ke3 Nc5 47.
Rxh6 Ra3+ 48. Kd4 Rd3+ 49. Kc4 Rd2 50. Rh8 Kg7 51. Rd8 Rc2+ 52. Kd4 Kf7 53.
Rxd6 Ke8 54. Ne5 Ke7 55. Rxg6 Rc1 56. d6+ Kf8 57. d7 Ke7 58. Rg7+ Ke6 59. Rg8
Nxd7 60. Nxd7 Kxd7 61. Kxe4 Rf1 62. h4 Ke7 63. g4 Kf7 64. Rg5 Kf6 1-0

[Event "XXXIII Festival A"]
[Site "Arco ITA"]
[Date "2011.10.23"]
[Round "2"]
[White "Mastroddi, Emiliano"]
[Black "Martinez, Guido"]
[Result "0-1"]
[WhiteElo "2097"]
[BlackElo "1912"]
[PlyCount "56"]
[EventDate "2011.10.22"]

1. d4 Nf6 2. c4 d5 3. cxd5 Qxd5 4. Nc3 Qd8 5. Nf3 e6 6. e4 Be7 7. Bf4 O-O 8.
Bc4 a6 9. a4 Re8 10. O-O Bf8 11. Bg5 Be7 12. Qe2 c6 13. Rfd1 Qa5 14. Qc2 Qb4
15. Bd3 h6 16. Bh4 Nbd7 17. a5 Bd8 18. Ra4 Qf8 19. e5 Nh5 20. Bxd8 Rxd8 21. Ne2
g6 22. Bxg6 fxg6 23. Qxg6+ Ng7 24. Qxh6 Qf5 25. Nf4 Nxe5 26. Nxe5 Qxe5 27. Ra3
Rxd4 28. Rad3 Qxf4 0-1

[Event "XXXIII Festival A"]
[Site "Arco ITA"]
[Date "2011.10.23"]
[Round "2"]
[White "Medancic, Rikard"]
[Black "Giuriato, Sergio"]
[Result "1/2-1/2"]
[WhiteElo "2266"]
[BlackElo "1961"]
[PlyCount "51"]
[EventDate "2011.10.22"]

1. c4 e6 2. g3 Nf6 3. Bg2 d5 4. Nf3 Nbd7 5. O-O Be7 6. b3 O-O 7. Bb2 dxc4 8.
bxc4 c5 9. d3 Qc7 10. Nc3 a6 11. e4 Rd8 12. Qe2 Rb8 13. Rfe1 b5 14. e5 Ne8 15.
Nd5 exd5 16. cxd5 Nf8 17. d6 Nxd6 18. exd6 Bxd6 19. Qe4 Ng6 20. h4 Bb7 21. Qf5
Qc8 22. Qh5 Qc6 23. Re4 f6 24. Rae1 Qd7 25. R4e3 Qf7 26. Bh3 1/2-1/2

[Event "XXXIII Festival A"]
[Site "Arco ITA"]
[Date "2011.10.23"]
[Round "2"]
[White "Menon, Michele"]
[Black "Cavatorta, Fosco"]
[Result "1/2-1/2"]
[WhiteElo "1776"]
[BlackElo "1905"]
[PlyCount "79"]
[EventDate "2011.10.22"]

1. Nf3 d6 2. g3 e5 3. d3 f5 4. e4 Nf6 5. Nc3 Be7 6. Bg5 O-O 7. Bg2 c6 8. O-O a5
9. Nd2 Na6 10. f4 Ng4 11. Qe2 Bxg5 12. fxg5 Qxg5 13. Nc4 Qd8 14. exf5 Rxf5 15.
Rxf5 Bxf5 16. Rf1 Nh6 17. Kh1 Nc5 18. Ne3 Be6 19. Qd2 d5 20. d4 exd4 21. Qxd4
Nd7 22. Ne2 Qb6 23. Qc3 Rf8 24. Rxf8+ Nxf8 25. Qe5 Nf7 26. Qc3 Qb4 27. Qxb4
axb4 28. Nf4 Bd7 29. Nd3 d4 30. Nd1 Nd6 31. Nxb4 Bf5 32. Nd3 Bxd3 33. cxd3 Ne6
34. b4 Nb5 35. a4 Nc3 36. Nb2 Kf7 37. Kg1 Ke7 38. Kf2 Kd6 39. Nc4+ Kc7 40. Nb2
1/2-1/2

[Event "XXXIII Festival A"]
[Site "Arco ITA"]
[Date "2011.10.23"]
[Round "2"]
[White "Milazzo, Mario"]
[Black "Romanishin, Oleg M."]
[Result "0-1"]
[WhiteElo "2077"]
[BlackElo "2537"]
[PlyCount "106"]
[EventDate "2011.10.22"]

1. c4 e5 2. Nc3 Nf6 3. g3 d5 4. cxd5 Nxd5 5. Bg2 Nb6 6. Nf3 Nc6 7. O-O Be7 8.
a3 Be6 9. b4 Nd4 10. Rb1 Nxf3+ 11. Bxf3 c6 12. b5 Rc8 13. bxc6 bxc6 14. d3 O-O
15. a4 Nd5 16. Bd2 Qc7 17. a5 Nxc3 18. Bxc3 Bd5 19. Bg2 Rb8 20. Qa4 Bxg2 21.
Kxg2 Rb5 22. Qe4 Rfb8 23. Rxb5 Rxb5 24. Rc1 Rc5 25. d4 exd4 26. Qxd4 Bf8 27.
Qg4 h5 28. Qe4 Qd7 29. a6 Qc8 30. Qd3 Rd5 31. Qc4 Rc5 32. Qd3 h4 33. h3 hxg3
34. fxg3 Rd5 35. Qc4 Rc5 36. Qd3 Rd5 37. Qc4 Qe8 38. e4 Rc5 39. Qd4 Qe6 40. Qd3
Qa2+ 41. Rc2 Qb3 42. Kf3 Rc4 43. Ke2 Qa4 44. Kf3 Qb3 45. Ke2 f6 46. Kd2 Bb4 47.
Bxb4 Qxb4+ 48. Ke2 Rd4 49. Qc3 Rxe4+ 50. Kd3 Qa4 51. Rb2 Re5 52. Rb8+ Kh7 53.
Rb4 Qd1+ 0-1

[Event "XXXIII Festival A"]
[Site "Arco ITA"]
[Date "2011.10.23"]
[Round "2"]
[White "Molina, Fabrizio"]
[Black "Niccoli, Paolo"]
[Result "1-0"]
[WhiteElo "2258"]
[BlackElo "1943"]
[PlyCount "39"]
[EventDate "2011.10.22"]

1. Nf3 Nf6 2. c4 c5 3. g3 d5 4. d4 cxd4 5. Nxd4 e5 6. Nf3 e4 7. Nd4 dxc4 8.
Qa4+ Qd7 9. Qxc4 Be7 10. Bg2 O-O 11. O-O a6 12. Rd1 b5 13. Qb3 Bb7 14. Nc3 Qg4
15. Bf4 Nbd7 16. h3 Qg6 17. g4 Nc5 18. Qc2 Rfd8 19. Nf5 Bf8 20. Nh4 1-0

[Event "XXXIII Festival A"]
[Site "Arco ITA"]
[Date "2011.10.23"]
[Round "2"]
[White "Mombelli, Antonio"]
[Black "Nanni, Sergio"]
[Result "0-1"]
[WhiteElo "1836"]
[BlackElo "1688"]
[PlyCount "48"]
[EventDate "2011.10.22"]

1. e4 e5 2. Nf3 Nf6 3. Nxe5 d6 4. Nf3 Nxe4 5. Nc3 Nxc3 6. dxc3 Be7 7. Be3 O-O
8. Qd2 Nc6 9. O-O-O Be6 10. Kb1 a6 11. Ng5 Bf5 12. h3 h6 13. Nf3 b5 14. Bd3
Bxd3 15. cxd3 d5 16. g4 b4 17. c4 dxc4 18. dxc4 Qe8 19. Qc2 b3 20. Qxb3 Rb8 21.
Qc2 Nb4 22. Qe2 Bf6 23. Nd4 Qe4+ 24. Ka1 Bxd4 0-1

[Event "XXXIII Festival A"]
[Site "Arco ITA"]
[Date "2011.10.23"]
[Round "2"]
[White "Panjkovic, Aleksandar"]
[Black "Bozzao, Francesco"]
[Result "1-0"]
[WhiteElo "2187"]
[BlackElo "1830"]
[PlyCount "79"]
[EventDate "2011.10.22"]

1. c4 Nf6 2. g3 e5 3. Bg2 c6 4. d4 Bb4+ 5. Bd2 Bxd2+ 6. Qxd2 d6 7. dxe5 dxe5 8.
Qxd8+ Kxd8 9. Nf3 Re8 10. Nc3 h6 11. O-O Na6 12. Rfd1+ Kc7 13. Rac1 Nc5 14. Nd2
a5 15. b3 Be6 16. Nd5+ Kb8 17. Nxf6 gxf6 18. a3 Bg4 19. Kf1 Kc7 20. b4 axb4 21.
axb4 Nd7 22. Ra1 Be6 23. c5 f5 24. e4 Rxa1 25. Rxa1 Nf6 26. Ke2 Nxe4 27. Bxe4
fxe4 28. Nxe4 Bc4+ 29. Ke3 Ba6 30. Nd6 Rf8 31. Ke4 f6 32. Ra3 Kd7 33. Kf5 Ke7
34. Re3 b6 35. Ra3 bxc5 36. bxc5 Ra8 37. Kg6 h5 38. Kg7 Ke6 39. Kg6 Rh8 40.
Rxa6 1-0

[Event "XXXIII Festival A"]
[Site "Arco ITA"]
[Date "2011.10.23"]
[Round "2"]
[White "Papa, Angelo"]
[Black "Burani, Eugenio"]
[Result "1-0"]
[WhiteElo "1848"]
[BlackElo "1932"]
[PlyCount "153"]
[EventDate "2011.10.22"]

1. d4 Nf6 2. c4 c5 3. d5 e6 4. Nc3 exd5 5. cxd5 d6 6. h3 g6 7. Nf3 Bg7 8. e4
O-O 9. Bd3 b5 10. Nxb5 Nxe4 11. Bxe4 Re8 12. O-O Rxe4 13. Bg5 Qd7 14. Nc3 Re8
15. Re1 Bb7 16. Rxe8+ Qxe8 17. Qb3 Qd7 18. Re1 f6 19. Bf4 Na6 20. Bxd6 Qxd6 21.
Qxb7 Rb8 22. Qe7 Qxe7 23. Rxe7 Rxb2 24. Rxa7 Nb4 25. d6 f5 26. d7 Nc6 27. Ra8+
Kf7 28. Nd5 Ke6 29. d8=Q Nxd8 30. Rxd8 h6 31. Nf4+ Ke7 32. Rc8 g5 33. Nd3 Rxa2
34. Rxc5 f4 35. Rc6 Ra5 36. Kh2 Rd5 37. Rc7+ Kf8 38. Nc5 Ba1 39. Ne6+ Kg8 40.
Ra7 Bb2 41. Rb7 Ba1 42. Rc7 Rd6 43. Rc8+ Kf7 44. Nc5 Rd5 45. Rc6 Kg7 46. Ne4
Bb2 47. Rb6 Ba1 48. Rb1 Ra5 49. g3 fxg3+ 50. Nxg3 Ra6 51. Kg2 Kg6 52. Nd2 Bd4
53. Nge4 Re6 54. Rb4 Bg7 55. Rb5 Ba1 56. f3 Rc6 57. Rc5 Ra6 58. Rd5 Ra2 59. Kg3
Rc2 60. h4 gxh4+ 61. Kxh4 Rc1 62. Kg4 Rg1+ 63. Kf4 Rh1 64. Rd6+ Kg7 65. Kf5
Rh5+ 66. Kg4 Rh1 67. Ra6 Bb2 68. Nc4 Rg1+ 69. Kf5 Ba1 70. Ra7+ Kf8 71. Rh7 Rc1
72. Ncd6 Bg7 73. Ne8 Kxe8 74. Rxg7 Rf1 75. f4 h5 76. Nf6+ Kd8 77. Nxh5 1-0

[Event "XXXIII Festival A"]
[Site "Arco ITA"]
[Date "2011.10.23"]
[Round "2"]
[White "Pedrotti, Luciano"]
[Black "Battistella, Stefano"]
[Result "1/2-1/2"]
[WhiteElo "1801"]
[BlackElo "2081"]
[PlyCount "50"]
[EventDate "2011.10.22"]

1. e4 e5 2. Nf3 Nf6 3. Nc3 Bb4 4. d3 d6 5. Bd2 c6 6. Be2 O-O 7. O-O Re8 8. a3
Ba5 9. b4 Bc7 10. Bg5 h6 11. Bh4 Nbd7 12. h3 Nf8 13. d4 Ng6 14. dxe5 Nxh4 15.
exf6 Nxf3+ 16. Bxf3 Qxf6 17. Qd3 Qg6 18. Kh1 Be6 19. Nd1 b5 20. Ne3 Qg5 21. Bg4
Bxg4 22. Nxg4 h5 23. f4 Qe7 24. Nf2 Bb6 25. Rae1 Bc7 1/2-1/2

[Event "XXXIII Festival A"]
[Site "Arco ITA"]
[Date "2011.10.23"]
[Round "2"]
[White "Perich, Stefano"]
[Black "Ager, Josef"]
[Result "0-1"]
[WhiteElo "1931"]
[BlackElo "2190"]
[PlyCount "87"]
[EventDate "2011.10.22"]

1. Nf3 Nf6 2. c4 g6 3. Nc3 Bg7 4. d4 d6 5. e4 O-O 6. Be2 Na6 7. O-O c5 8. d5
Nc7 9. h3 a6 10. a4 b6 11. Qc2 Rb8 12. Bf4 e5 13. Be3 Bd7 14. Nd2 Nfe8 15. Bd3
f5 16. f3 f4 17. Bf2 g5 18. Be2 Nf6 19. Rfb1 a5 20. Nb5 Nce8 21. Nf1 Ra8 22.
Nh2 h5 23. Re1 Rf7 24. Ra3 Bh6 25. Bd1 Rg7 26. Kf1 Qc8 27. Ke2 g4 28. hxg4 hxg4
29. Nf1 Bg5 30. Kd2 Rh7 31. Kc1 Rh1 32. Nd2 Rh2 33. Rg1 g3 34. Be1 Qd8 35. Nf1
Rh5 36. Kb1 Rb8 37. Ka1 Rb7 38. Bd2 Bc8 39. Rc3 Rbh7 40. Qd3 Nd7 41. Rc1 Nf8
42. Bc3 Rh1 43. Rxh1 Rxh1 44. Bd2 0-1

[Event "XXXIII Festival A"]
[Site "Arco ITA"]
[Date "2011.10.23"]
[Round "2"]
[White "Pipitone, Antonio"]
[Black "De Sio, Francesco"]
[Result "1-0"]
[WhiteElo "1971"]
[BlackElo "1811"]
[PlyCount "51"]
[EventDate "2011.10.22"]

1. e4 c5 2. Nf3 d6 3. d4 cxd4 4. Nxd4 Nf6 5. Nc3 a6 6. Be2 e5 7. Nb3 Be7 8. a4
Be6 9. Bf3 Qc7 10. O-O O-O 11. Be3 Nbd7 12. Re1 Rac8 13. h3 Rfd8 14. g4 d5 15.
exd5 Nb6 16. Bxb6 Qxb6 17. Rxe5 Bd6 18. Re2 Bb4 19. Rd2 Bxc3 20. bxc3 Bd7 21.
Rd3 Qd6 22. Qd2 b5 23. axb5 Bxb5 24. Rd4 Rc7 25. Na5 Rc5 26. Nb7 1-0

[Event "XXXIII Festival A"]
[Site "Arco ITA"]
[Date "2011.10.23"]
[Round "2"]
[White "Prelati, Maurizio"]
[Black "Qendro, Llambi"]
[Result "1/2-1/2"]
[WhiteElo "2012"]
[BlackElo "2342"]
[PlyCount "56"]
[EventDate "2011.10.22"]

1. e4 c6 2. d4 d5 3. exd5 cxd5 4. c4 Nf6 5. Nc3 e6 6. Nf3 Bb4 7. cxd5 Nxd5 8.
Qc2 Nc6 9. Bd3 Nf6 10. O-O O-O 11. Bg5 h6 12. Be3 b6 13. Rad1 Bb7 14. Ne5 Rc8
15. Qe2 Kh8 16. Ne4 Nxe4 17. Bxe4 Qh4 18. Bxc6 Bxc6 19. Nxc6 Rxc6 20. Qb5 Bd6
21. g3 Qe4 22. d5 Rc7 23. dxe6 Qxe6 24. Qd5 Qxd5 25. Rxd5 Be7 26. Rfd1 Bf6 27.
b3 Rc2 28. a4 Rc3 1/2-1/2

[Event "XXXIII Festival A"]
[Site "Arco ITA"]
[Date "2011.10.23"]
[Round "2"]
[White "Riepma, Henk"]
[Black "Bacchelli, Andrea"]
[Result "1/2-1/2"]
[WhiteElo "2073"]
[BlackElo "1789"]
[PlyCount "96"]
[EventDate "2011.10.22"]

1. f4 d5 2. Nf3 c5 3. e3 Nc6 4. d4 cxd4 5. exd4 Bf5 6. c3 e6 7. Be2 Be7 8. O-O
Nf6 9. Ne5 O-O 10. Nd2 a6 11. g4 Be4 12. g5 Nd7 13. Nxc6 bxc6 14. Nxe4 dxe4 15.
Be3 Nb6 16. Qc2 Qd5 17. c4 Qf5 18. Rf2 c5 19. Kh1 cxd4 20. Bxd4 Bc5 21. Bxc5
Qxc5 22. Bf1 Rad8 23. b3 Nc8 24. Re1 Nd6 25. Bg2 e3 26. Rfe2 Nf5 27. Qc3 Rd6
28. Be4 Rfd8 29. Bxf5 Qxf5 30. Qxe3 g6 31. Qf2 Qa5 32. Rc2 Qc7 33. h3 Rd4 34.
Rf1 Qc6+ 35. Qg2 Qc7 36. Rcf2 Qa5 37. Re2 Qc7 38. Qf3 Rd3 39. Re3 Rd2 40. Rf2
R2d4 41. Kg2 Rd2 42. Ree2 R2d3 43. Re3 Rd2 44. Kg3 Qa5 45. Rxd2 Qxd2 46. Qe2
Qd6 47. Rf3 Qd4 48. Re3 Qd6 1/2-1/2

[Event "XXXIII Festival A"]
[Site "Arco ITA"]
[Date "2011.10.23"]
[Round "2"]
[White "Rizzo, Giuseppe"]
[Black "Di Lazzaro, Gabriele"]
[Result "1/2-1/2"]
[WhiteElo "1732"]
[BlackElo "1890"]
[PlyCount "79"]
[EventDate "2011.10.22"]

1. d4 Nf6 2. Nf3 c5 3. e3 b6 4. Bd3 Bb7 5. O-O g6 6. Nc3 Bg7 7. e4 cxd4 8. Nxd4
O-O 9. Be3 Nc6 10. Nxc6 dxc6 11. Qd2 Qc7 12. h3 Rfd8 13. Rad1 c5 14. Qe2 a6 15.
a4 Qc6 16. f3 Nh5 17. Bf2 Nf4 18. Qe1 c4 19. Be2 b5 20. axb5 axb5 21. Rxd8+
Rxd8 22. Nd1 b4 23. c3 b3 24. Ne3 Nxe2+ 25. Qxe2 e6 26. Rd1 Rxd1+ 27. Nxd1 Qd7
28. Be3 h5 29. Kf2 Kh7 30. Qd2 Qc7 31. Kg1 f5 32. exf5 exf5 33. Bf4 Qc5+ 34.
Kh2 Bd5 35. Ne3 Bg8 36. Qd7 Kh8 37. Qe8 Kh7 38. Qd7 Kh8 39. Qe8 Kh7 40. Qd7
1/2-1/2

[Event "XXXIII Festival A"]
[Site "Arco ITA"]
[Date "2011.10.23"]
[Round "2"]
[White "Romagnoli, Roberto"]
[Black "Salati, Paolo"]
[Result "1-0"]
[WhiteElo "2086"]
[BlackElo "1865"]
[PlyCount "123"]
[EventDate "2011.10.22"]

1. c4 Nf6 2. Nc3 e5 3. g3 Nc6 4. Bg2 Be7 5. d3 O-O 6. Nf3 d6 7. O-O h6 8. Rb1
a5 9. a3 d5 10. cxd5 Nxd5 11. Nxe5 Nxc3 12. Nxc6 Nxd1 13. Nxd8 Nxf2 14. Nxf7
Bc5 15. Bd5 Kh7 16. e3 Nh3+ 17. Kg2 Ng5 18. Nxg5+ hxg5 19. Rxf8 Bxf8 20. e4 Be7
21. Bd2 c6 22. Bb3 a4 23. Bc2 Be6 24. Bc3 b5 25. Rd1 Rd8 26. d4 Kg8 27. h3 Bc4
28. Bd3 Bb3 29. Rf1 Be6 30. Bc2 Bc4 31. Rf2 Be6 32. Re2 Bc4 33. Re3 Be6 34. g4
Rf8 35. Bd3 Bd6 36. e5 Be7 37. Be4 Bd5 38. Bxd5+ cxd5 39. Bd2 Rc8 40. Rc3 Rxc3
41. Bxc3 Kf7 42. Bb4 Bd8 43. Bc5 Ba5 44. Kf3 Bd2 45. Ke2 Bc1 46. Kd3 Bxb2 47.
Kc2 Ba1 48. Kd3 Ke6 49. Kc2 g6 50. Kd3 Bb2 51. Kc2 Ba1 52. Kd3 Bb2 53. Bb4 Bc1
54. Kc3 Bf4 55. Bd6 Be3 56. Bc5 Bf4 57. Kb4 Bxe5 58. dxe5 Kxe5 59. Be3 Ke4 60.
Bxg5 d4 61. Kxb5 Kf3 62. Kc4 1-0

[Event "XXXIII Festival A"]
[Site "Arco ITA"]
[Date "2011.10.23"]
[Round "2"]
[White "Russo, Carmelo"]
[Black "Ledent, Philippe"]
[Result "1-0"]
[WhiteElo "1711"]
[BlackElo "1887"]
[PlyCount "75"]
[EventDate "2011.10.22"]

1. d4 d5 2. c4 c6 3. Nc3 Nf6 4. cxd5 cxd5 5. Bg5 Nc6 6. Bxf6 gxf6 7. e3 Bd7 8.
g3 e6 9. a3 Rc8 10. Bg2 Qb6 11. Qd2 Na5 12. Qc2 Bd6 13. Nge2 Bb5 14. O-O Bc4
15. Qa4+ Ke7 16. b4 Nc6 17. Qd1 a6 18. Re1 f5 19. Nf4 Qd8 20. Rc1 b5 21. Nd3
Bxd3 22. Qxd3 h5 23. Nxd5+ exd5 24. Bxd5 Qd7 25. e4 f4 26. e5 Bb8 27. Qe4 Nd8
28. Rxc8 Qxc8 29. Qxf4 Rh7 30. Rc1 Qd7 31. Be4 Rg7 32. Qf6+ Kf8 33. d5 Kg8 34.
Rc5 Ba7 35. Bf5 Rg6 36. Qxg6+ fxg6 37. Bxd7 Bxc5 38. bxc5 1-0

[Event "XXXIII Festival A"]
[Site "Arco ITA"]
[Date "2011.10.23"]
[Round "2"]
[White "Schaberg, Wolfgang"]
[Black "De Simone Sorrentino, Fabio"]
[Result "0-1"]
[WhiteElo "1880"]
[BlackElo "1705"]
[PlyCount "58"]
[EventDate "2011.10.22"]

1. Nf3 Nf6 2. c4 e6 3. Nc3 d5 4. d4 c6 5. Bg5 Nbd7 6. e3 Qa5 7. Nd2 Bb4 8. Qc2
O-O 9. Bh4 Re8 10. Bd3 Be7 11. f4 dxc4 12. Nxc4 Qh5 13. Bxf6 Nxf6 14. Ne5 Nd5
15. Qf2 Bb4 16. Rc1 f6 17. Be2 Qh6 18. Nd3 Bd6 19. Ne4 Bb8 20. O-O Qg6 21. Ng3
Qf7 22. e4 Nb6 23. Bd1 Qe7 24. Bb3 Kh8 25. Rfe1 e5 26. dxe5 fxe5 27. f5 Nd7 28.
Nf1 a5 29. Nd2 Ba7 0-1

[Event "XXXIII Festival A"]
[Site "Arco ITA"]
[Date "2011.10.23"]
[Round "2"]
[White "Seebacher, Reinhard"]
[Black "Blasco, Domenico"]
[Result "1-0"]
[WhiteElo "1700"]
[BlackElo "1965"]
[PlyCount "73"]
[EventDate "2011.10.22"]

1. e4 g6 2. d4 Bg7 3. Nf3 d6 4. h3 Nd7 5. Bd3 e6 6. O-O Ne7 7. Be3 h6 8. c4 b6
9. Nc3 Bb7 10. Qd2 g5 11. d5 e5 12. Ne2 Nf6 13. Ng3 Bc8 14. b4 O-O 15. Nh2 Nxe4
16. Bxe4 f5 17. Nxf5 Bxf5 18. Bxf5 Nxf5 19. Rac1 a5 20. a3 axb4 21. axb4 Qd7
22. c5 dxc5 23. bxc5 Nd4 24. Bxd4 exd4 25. cxb6 cxb6 26. Rc6 Rf6 27. Rxf6 Bxf6
28. Qd3 Rd8 29. Qg6+ Bg7 30. Ng4 Kf8 31. Nxh6 Qxd5 32. Nf5 Qf7 33. Qxb6 Bf6 34.
Re1 d3 35. Qc5+ Be7 36. Rxe7 Qd5 37. Qc3 1-0

[Event "XXXIII Festival A"]
[Site "Arco ITA"]
[Date "2011.10.23"]
[Round "2"]
[White "Sigmund, Ingenuin"]
[Black "Bisignano, Giuseppe"]
[Result "1-0"]
[WhiteElo "1788"]
[BlackElo "1908"]
[PlyCount "63"]
[EventDate "2011.10.22"]

1. e4 e5 2. Nf3 Nc6 3. d4 exd4 4. Bc4 Bc5 5. c3 dxc3 6. Bxf7+ Kxf7 7. Qd5+ Kf8
8. Qxc5+ d6 9. Qxc3 Qf6 10. Be3 Qxc3+ 11. Nxc3 Nf6 12. O-O Bg4 13. Nd4 Bd7 14.
Nxc6 Bxc6 15. f3 Kf7 16. b4 Rhe8 17. b5 Bd7 18. Bd4 c6 19. a4 a6 20. Rfb1 axb5
21. axb5 Ke7 22. g4 g5 23. Kf2 h5 24. h3 hxg4 25. hxg4 Be6 26. bxc6 bxc6 27.
Rb7+ Nd7 28. Raa7 Rxa7 29. Rxa7 Rb8 30. Be3 Kf6 31. Ne2 Rb2 32. Bd4+ 1-0

[Event "XXXIII Festival A"]
[Site "Arco ITA"]
[Date "2011.10.23"]
[Round "2"]
[White "Stella, Andrea"]
[Black "Kierzek, Mira"]
[Result "1-0"]
[WhiteElo "2447"]
[BlackElo "2023"]
[PlyCount "65"]
[EventDate "2011.10.22"]

1. d4 Nf6 2. c4 e6 3. Nf3 b6 4. e3 Bb7 5. Bd3 Bb4+ 6. Nbd2 O-O 7. O-O d5 8. b3
Bd6 9. Bb2 Nbd7 10. Ne5 c5 11. cxd5 exd5 12. f4 Ne4 13. Nxe4 dxe4 14. Bc4 Nf6
15. Qe2 Qe7 16. dxc5 Bxc5 17. Rad1 Rad8 18. Rxd8 Qxd8 19. Rd1 Qe7 20. Nxf7 Rxf7
21. Bxf6 gxf6 22. Qg4+ Kh8 23. Bxf7 Qxf7 24. Rd8+ Bf8 25. Rd7 Qg6 26. Qxg6 hxg6
27. Rxb7 Bc5 28. Kf2 a5 29. g4 Kg8 30. h4 Kf8 31. h5 g5 32. fxg5 fxg5 33. h6
1-0

[Event "XXXIII Festival A"]
[Site "Arco ITA"]
[Date "2011.10.23"]
[Round "2"]
[White "Teodonio, Fabrizio"]
[Black "Pieri, Enzo"]
[Result "0-1"]
[WhiteElo "1944"]
[BlackElo "1729"]
[PlyCount "142"]
[EventDate "2011.10.22"]

1. Nf3 Nf6 2. b3 d6 3. Bb2 e5 4. e3 Be7 5. c4 c6 6. Nc3 O-O 7. Be2 Nbd7 8. d4
e4 9. Nd2 d5 10. f3 exf3 11. Bxf3 Nb6 12. O-O Be6 13. c5 Nbd7 14. e4 dxe4 15.
Ncxe4 Nxe4 16. Bxe4 Nf6 17. Bc2 Qd5 18. Nc4 Rad8 19. Ne3 Qh5 20. Nf5 Bxf5 21.
Rxf5 Qxd1+ 22. Rxd1 Nd5 23. Re1 Bf6 24. a3 Rfe8 25. Be4 Ne7 26. Rf3 Bxd4+ 27.
Bxd4 Rxd4 28. Rfe3 Rd7 29. Bf5 Rc7 30. Rd1 Kf8 31. Rde1 g6 32. Bh3 Rd8 33. g3
Rd2 34. b4 Nd5 35. Re8+ Kg7 36. Rc8 Rxc8 37. Bxc8 b6 38. Bb7 bxc5 39. bxc5 Rc2
40. Bxc6 Rxc5 41. Bd7 Ra5 42. Bc6 Kf6 43. a4 Rc5 44. Be8 Kg7 45. Rb1 f5 46.
Rb7+ Rc7 47. Rb5 Nc3 48. Ra5 Kf6 49. Ra6+ Ke5 50. Rc6 Rxc6 51. Bxc6 g5 52. Kg2
h5 53. h4 gxh4 54. gxh4 Kf4 55. Bf3 Nxa4 56. Bxh5 Nc3 57. Be8 a5 58. h5 Kg5 59.
Kf3 a4 60. h6 Kxh6 61. Kf4 a3 62. Bf7 Kg7 63. Bc4 Kf6 64. Bg8 a2 65. Bxa2 Nxa2
66. Kf3 Ke5 67. Ke3 f4+ 68. Kf3 Nc3 69. Kf2 Ke4 70. Ke1 Ke3 71. Kf1 Kf3 0-1

[Event "XXXIII Festival A"]
[Site "Arco ITA"]
[Date "2011.10.23"]
[Round "2"]
[White "Thonig, Manfred"]
[Black "Gardini, Enrico"]
[Result "0-1"]
[WhiteElo "1647"]
[BlackElo "1822"]
[PlyCount "106"]
[EventDate "2011.10.22"]

1. f4 d5 2. Nf3 Nc6 3. e3 Nf6 4. d4 g6 5. Bb5 Bd7 6. Qe2 Bg7 7. a3 O-O 8. O-O
a6 9. Bd3 Bg4 10. Nbd2 Na7 11. Qf2 Nb5 12. Ne5 Bc8 13. Qf3 Nd6 14. c4 dxc4 15.
Ndxc4 Nd7 16. Nxd7 Qxd7 17. Ne5 Qe8 18. b4 c6 19. Bb2 Be6 20. e4 Rd8 21. Rae1
Bc8 22. Kh1 f6 23. Nc4 Qd7 24. Nb6 Qc7 25. Nc4 Be6 26. Ne3 Bf7 27. Rc1 Qd7 28.
Rfd1 Bb3 29. Rd2 e6 30. Ng4 Qe7 31. Bxa6 Nxe4 32. Qxe4 bxa6 33. Qxc6 Bd5 34.
Qxa6 Ra8 35. Qe2 Qd6 36. Rf1 Rfe8 37. Qf2 Rac8 38. Qh4 Rf8 39. Ne3 Be4 40. Qe1
f5 41. Ng4 Rfd8 42. Ne5 Bxe5 43. fxe5 Qd5 44. Qh4 Rd7 45. Qg3 Rdc7 46. h4 Rc2
47. Rxc2 Rxc2 48. Rf2 Qc4 49. Rxc2 Qxc2 50. Bc3 Qc1+ 51. Qe1 Qxa3 52. b5 Qb3
53. Bb4 Qh3+ 0-1